NFL Top 50 Passing Yard Leaders 2023-2024 - Statistics

General Stats
  • This quiz has been taken 1,918 times
  • The average score is 37 of 50
Answer Stats
Yards Team Player % Correct
4,280 49ers Brock Purdy
99%
4,516 Cowboys Dak Prescott
99%
4,575 Lions Jared Goff
99%
4,306 Bills Josh Allen
99%
3,965 Rams Matthew Stafford
99%
4,183 Chiefs Patrick Mahomes
99%
4,624 Dolphins Tua Tagovailoa
99%
4,044 Buccaneers Baker Mayfield
98%
4,108 Texans CJ Stroud
98%
4,159 Packers Jordan Love
98%
4,016 Jaguars Trevor Lawrence
98%
3,858 Eagles Jalen Hurts
97%
3,678 Ravens Lamar Jackson
97%
3,624 Seahawks Geno Smith
96%
3,070 Broncos Russell Wilson
95%
2,271 Jets Zach Wilson
95%
3,878 Saints Derek Carr
94%
3,134 Chargers Justin Herbert
94%
2,309 Bengals Joe Burrow
93%
2,331 Vikings Kirk Cousins
93%
2,877 Panthers Bryce Young
91%
2,562 Bears Justin Fields
88%
909 Giants Daniel Jones
87%
2,120 Patriots Mac Jones
87%
3,946 Commanders Sam Howell
80%
577 Colts Anthony Richardson
78%
3,305 Colts Gardner Minshew
78%
2,070 Steelers Kenny Pickett
77%
1,799 Cardinals Kyler Murray
76%
2,836 Falcons Desmond Ridder
75%
1,616 Browns Joe Flacco
75%
1,808 Titans Will Levis
72%
2,464 Vikings Joshua Dobbs
68%
1,115 Browns Deshaun Watson
67%
1,616 Titans Ryan Tannehill
64%
1,205 Raiders Jimmy Garoppolo
61%
1,101 Giants Tommy DeVito
55%
1,936 Bengals Jake Browning
54%
543 Seahawks Drew Lock
52%
719 Steelers Mason Rudolph
50%
1,341 Giants Tyrod Taylor
49%
1,272 Patriots Bailey Zappe
45%
1,129 Chargers Easton Stick
40%
632 Steelers Mitchell Trubisky
35%
1,306 Vikings Nick Mullens
33%
890 Falcons Taylor Heinicke
32%
859 Bears Tyson Bagent
24%
674 Panthers PJ Walker
14%
724 Jets Trevor Siemian
12%
2,218 Raiders Aidan O´Connell
1%
No matching quizzes found
Score Distribution
Percent of People with Each Score
Percentile by Number Answered
Your Score History
You have not taken this quiz